000
00250nam a2200097Ia 4500
001
724533
005
20250826163352.0
008
250824s9999 xx 000 0 und d
245
0
_a
MÜFETTİŞLER MÜFETTİŞİ
_c
ORHAN KEMAL
260
_b
EVEREST YAYINLARI
999
_c
724533
_d
724533